LEADER 00921cam0-22003251i-450- 001 990004013290403321 005 20110504111102.0 035 $a000401329 035 $aFED01000401329 035 $a(Aleph)000401329FED01 035 $a000401329 100 $a19990604d1983----km-y0itay50------ba 101 0 $aeng 105 $ay-------001yy 200 1 $aWord order universals$fJohn A. Hawkins 210 $aNew York$cAcademic Press$d1983 215 $a342 p.$d23 cm 225 1 $aQuantitative analyses of linguistic structure$v3 610 0 $aLinguistica storica 610 0 $aGrammatica 676 $a417.7 700 1$aHawkins,$bJohn A.$0152002 801 0$aIT$bUNINA$gRICA$2UNIMARC 901 $aBK 912 $a990004013290403321 952 $a417.7 HAW 1$bDip.Fil.Mod.215$fFLFBC 952 $a417.7 HAW 1 BIS$bD.F.M.461$fFLFBC 959 $aFLFBC 996 $aWord order universals$9472447 997 $aUNINA LEADER 01173nam 2200385 450 001 9910459736503321 005 20200520144314.0 010 $a2-36493-426-5 035 $a(CKB)3710000000380832 035 $a(MiAaPQ)EBC5709838 035 $a(Au-PeEL)EBL5709838 035 $a(OCoLC)1088325921 035 $a(EXLCZ)993710000000380832 100 $a20190305d2014 uy 0 101 0 $afre 135 $aurcnu|||||||| 181 $ctxt$2rdacontent 182 $cc$2rdamedia 183 $acr$2rdacarrier 200 10$aGuide Bonnes Pratiques en Expression du Besoin /$fCe guide est un ouvrage collectif AFIS elabore sous la direction de Gauthier Fanmuy 210 1$aToulouse, France :$cCepadues Editions,$d2014. 215 $a1 online resource (80 pages) 311 $a2-36493-151-7 606 $aSystems engineering 608 $aElectronic books. 615 0$aSystems engineering. 676 $a620.001171 700 $aFanmuy$b Gauthier$0942912 801 0$bMiAaPQ 801 1$bMiAaPQ 801 2$bMiAaPQ 906 $aBOOK 912 $a9910459736503321 996 $aGuide Bonnes Pratiques en Expression du Besoin$92240319 997 $aUNINA